000 00446nam a2200181Ia 4500
003 GCL
008 140319s9999 xx 000 0 eng d
040 _aGCL /
_cGCL
082 0 4 _a914.5
_bM I
100 1 _aMICHLIN
245 1 0 _aITALY /
_cMICHLIN
260 _a[S.N] :
_bMICHELIN TYREPLE ،
_c1997
300 _a399 P
650 0 4 _aGUIDE BOOKS
650 0 4 _aITALY - GUIDEBOOKS
650 0 4 _aITALY - DESCRIPTION AND TRAVEL
942 _2ddc
_cBK
999 _c16367
_d16367